One is one /

Saved in:
Bibliographic Details
Main Author: Dick, Alexandra
Format: Book
Language:English
Published: London : R. Hale, 1958.
LEADER 00669nam a22001937a 4500
001 c000102355
003 CARM
005 00000000000000.0
008 981125s1958 enk 00001 eng d
019 1 |a 14264198  |5 LACONCORD2021 
035 |a (OCoLC)222279989  |5 LACONCORD2021 
040 |a VLINC  |c VLINC 
100 1 |a Dick, Alexandra. 
245 1 0 |a One is one /  |c by Alexandra Dick. 
260 |a London :  |b R. Hale,  |c 1958. 
300 |a 189 p. 
852 8 |b CARM  |h A2:AI30G0  |i A02019  |p 0150233  |f BK 
999 f f |i 80d8518b-3f4a-579e-bbd3-b4a629f3308f  |s 8ff946c7-ea60-58ce-8094-1f513ecb3bd2 
952 f f |p Can circulate  |a CAVAL  |b CAVAL  |c CAVAL  |d CARM 1 Store  |e A02019  |f A2:AI30G0  |h Other scheme  |i book  |m 0150233